| 000 | 00974nam a22002057a 4500 | ||
|---|---|---|---|
| 003 | DO-CoUTE | ||
| 005 | 20260523142107.0 | ||
| 008 | 260523b dr ||||| |||| 00| 0 spa d | ||
| 040 |
_aDO-CoUTE _bspa _cDO-CoUTE |
||
| 082 | _a861.64 P438A | ||
| 100 | 1 |
_aPérez Gomez, Marino _eAutor |
|
| 245 | 1 | 0 |
_aA solas Contigo : _bManual de Romanticimo / _cMarino Pérez Gomez |
| 260 |
_aEspaña ; _bCuadranta, _c2025 |
||
| 300 |
_a87 Paginas : _c14 cm x 21 cm |
||
| 504 | _aIncluye referencia bibliográfica e índice. | ||
| 520 | _aEl poemario es un canto a la explosión romántica desde un plano ideal y práctico a la vez, y nos invita a un apasionante viaje vital. Adobado con un vibrante lirismo, cada poema aporta una sobredosis de sentimiento y pasión, basada en experiencias amorosas de alta intensidad. Destilan corazón y pretenden calar en el de quien se acerque a ellos. | ||
| 650 | 4 | _aPoesia | |
| 700 | 1 |
_aMariano Perez Gomez _eAutor |
|
| 942 |
_2ddc _cBK |
||
| 999 |
_c24225 _d24225 |
||